Statistics for THE LIGHT YAGAMI QUIZ

Click here to take the quiz!

General Stats

  • This quiz has been taken 10 times
  • The average score is 5 of 10

Answer Stats

HintAnswer% Correct
Light yagami's rivalL
71%
Light yagami's shinigami nameRyuk
71%
Light yagami's age (pretimeskip)17
57%
Light yagami's hair colorBrown
57%
Light yagami's languageJapanese
57%
Light yagami's girlfriend nameMisa amane
57%
Light yagami's second rivalNear
57%
Light yagami's book nameDeath note
43%
Light yagami's professionDetective
43%
Light yagami's father nameSochiro yagmi
0%

Score Distribution

Percentile by Number Answered

Percent of People with Each Score

Your Score History

You have not taken this quiz